Bautizados y enviados: la Iglesia de Cristo en misión en el mundo. Mes misionero extraordinario octubre 2019
Guardat en:
| Autor corporatiu: | |
|---|---|
| Format: | Llibre |
| Idioma: | espanyol |
| Publicat: |
Milán
Edizioni San Paolo
2019
|
| Edició: | 1a. ed |
| Col·lecció: | Obras Misionales Pontificias
|
| Matèries: | |
| Etiquetes: |
Afegir etiqueta
Sense etiquetes, Sigues el primer a etiquetar aquest registre!
|
MARC
| LEADER | 00000cam a2200000 a 4500 | ||
|---|---|---|---|
| 001 | UCC8566 | ||
| 003 | CL-VaPUC | ||
| 008 | 190719e20190000it |||||||||||||||||spa|d | ||
| 020 | |a 9788892217874 | ||
| 082 | 0 | 4 | |a 262.3 |b CON |2 21 |
| 110 | 2 | |a Congregación para la Evangelización de los Pueblos |e author |9 603223 | |
| 245 | 1 | 0 | |a Bautizados y enviados: la Iglesia de Cristo en misión en el mundo. Mes misionero extraordinario octubre 2019 |
| 250 | |a 1a. ed | ||
| 300 | |a 415 p | ||
| 942 | |c BK | ||
| 945 | |d 20190719 13:28:00 |a dcastane | ||
| 260 | |a Milán |b Edizioni San Paolo |c 2019 | ||
| 650 | 7 | |a EVANGELIZACION |2 CL-VaPUC |9 603224 | |
| 650 | 0 | |a Historia de la iglesia |9 257565 | |
| 650 | 0 | |a Iglesia Católica |9 256114 | |
| 583 | |a last modification |c 20190719 13:28:00 |k Rodrigo Vera | ||
| 490 | 0 | |a Obras Misionales Pontificias | |
| 999 | |c 374841 |d 374839 | ||
| 952 | |0 0 |1 0 |3 erb |4 0 |6 262_300000000000000_CON_2019 |7 0 |8 A |9 493580 |a BIBTEO |b BIBTEO |i 5593549 |o 262.3 CON 2019 |p 5593549 |r 2025-01-17 |w 2019-11-24 |y BK |z Catalogado en:20190719 |k ICR | ||